Language Through Literature (Record no. 80430)

MARC details
000 -LEADER
fixed length control field 00395nam a2200145Ia 4500
008 - FIXED-LENGTH DATA ELEMENTS--GENERAL INFORMATION
fixed length control field 211109s9999||||xx |||||||||||||| ||und||
082 ## - DEWEY DECIMAL CLASSIFICATION NUMBER
Classification number 420 L_KAR
Item number KAR-L
100 ## - MAIN ENTRY--PERSONAL NAME
Personal name Karnad, Girish
245 #0 - TITLE STATEMENT
Title Language Through Literature
260 ## - PUBLICATION, DISTRIBUTION, ETC.
Name of publisher, distributor, etc. Oxford University
Place of publication, distribution, etc. Culcutta
Date of publication, distribution, etc. 1975
300 ## - PHYSICAL DESCRIPTION
Extent 165p.
630 ## - SUBJECT ADDED ENTRY--UNIFORM TITLE
General subdivision General stack
650 ## - SUBJECT ADDED ENTRY--TOPICAL TERM
Topical term or geographic name entry element Languages
942 ## - ADDED ENTRY ELEMENTS (KOHA)
Koha item type BOOK
650 ## - SUBJECT ADDED ENTRY--TOPICAL TERM
Form subdivision English & Old EnglishEnglish
Holdings
Withdrawn status Lost status Source of classification or shelving scheme Damaged status Not for loan Home library Current library Date acquired Cost, normal purchase price Full call number Barcode Shelving location Date last seen Price effective from Koha item type
    Dewey Decimal Classification     SB LIBRARY SB LIBRARY 09/11/2021 3.00 420 KAR-L 00065102 GENERAL STACK 09/11/2021 09/11/2021 BOOK

Powered by Koha